logo

Bir Sreshtho Munshi Abdur Rouf Library
Jhenaidah Cadet College

Geography of the U.S.S.R., (Record no. 8414)

MARC details
000 -LEADER
fixed length control field 00678cam a22002411 4500
001 - CONTROL NUMBER
JCCL Control Number 8414
003 - CONTROL NUMBER IDENTIFIER
JCCL marc code BD-JhCC
005 - DATE AND TIME OF LATEST TRANSACTION
control field 20180224093422.0
008 - FIXED-LENGTH DATA ELEMENTS--GENERAL INFORMATION
fixed length control field 720121s1964 enkab b 000 0 eng
035 ## - SYSTEM CONTROL NUMBER
system control number (BD-JhCC)8414
040 ## - CATALOGING SOURCE
Original cataloging agency DLC
Transcribing agency DLC
Modifying agency DLC
-- OCoLC
041 ## - LANGUAGE CODE
Language code of Book eng
050 00 - LIBRARY OF CONGRESS CALL NUMBER
Classification number DK28
Item number .M444 1964
082 00 - DEWEY DECIMAL CLASSIFICATION NUMBER
Classification number 914.7
Author mark and Year MEL 1964
100 1# - MAIN ENTRY--PERSONAL NAME
Personal name Mellor, Roy E. H.
245 10 - TITLE STATEMENT
Title Geography of the U.S.S.R.,
Statement of responsibility, etc by R. E. H. Mellor.
260 ## - PUBLICATION, DISTRIBUTION, ETC. (IMPRINT)
Place of publication, distribution, etc London,
Name of publisher, distributor, etc Macmillan;
Place of publication, distribution, etc New York,
Name of publisher, distributor, etc St. Martin's Press,
Date of publication, distribution, etc 1964.
300 ## - PHYSICAL DESCRIPTION
Pagination xv, 402 p.
Other physical details illus., maps.
Dimensions 23 cm.
504 ## - BIBLIOGRAPHY, ETC. NOTE
Bibliography, etc Bibliography: p. 377-381.
651 #0 - SUBJECT ADDED ENTRY--GEOGRAPHIC NAME
Geographic name Soviet Union
General subdivision Geography.
942 ## - ADDED ENTRY ELEMENTS (KOHA)
Source of classification or shelving scheme Dewey Decimal Classification
Koha item type Books
Holdings
Source of classification or shelving scheme Damaged status Not for loan Home library Current library Shelving location Date of accession Total Checkouts Full call number Barcode Date last seen Copy number Koha item type
Dewey Decimal Classification     JCC Rouf Library JCC Rouf Library General Stacks 02/24/2018   914.7 MEL 1964 11044 02/24/2018 C-1 Books

JCC Library | Contacts | JCC Home

Last Update on 23 September 2017
Copyright @ 2017-2020 JCC Rouf Library
Rouf Library, Jhenidah Cadet College (JCC), Bangladesh